[Event "GBR-ch Major 106th"]
[Site "Torquay"]
[Date "2019.08.04"]
[Round "9"]
[White "Forster, James Connor Christ"]
[Black "Hosdurga, Chirag"]
[Result "1-0"]
[WhiteElo "1831"]
[BlackElo "1926"]
[PlyCount "79"]
[EventDate "2019.07.27"]
[EventType "swiss"]
[EventRounds "9"]
[EventCountry "ENG"]
[SourceTitle "EXT 2020"]
[Source "ChessBase"]
[SourceDate "2019.10.17"]
[SourceVersion "1"]
[SourceVersionDate "2019.10.17"]
[SourceQuality "1"]

1. d4 Nf6 2. c4 g6 3. Nc3 Bg7 4. e4 d6 5. Nf3 0-0 6. Be2 e5 7. Be3 Nc6 8. d5 Ne7 9. Nd2 Nd7 10. b4 f5 11. f3 f4 12. Bf2 g5 13. c5 Nf6 14. Nc4 Ne8 15. Rc1 h5 16. Nb5 b6 17. cxd6 cxd6 18. a4 Ng6 19. Qb3 g4 20. Ncxd6 Nxd6 21. Nxd6 Qg5 22. Bf1 Bd7 23. Rc7 Qd8 24. Qc3 Rf6 25. Nb5 Bf8 26. Rxa7 Rc8 27. Rc7 Bxb4 28. Qxb4 Rxc7 29. Nxc7 Qxc7 30. Kd2 Rf8 31. Qxb6 Qc8 32. Qxg6+ Kh8 33. Qxh5+ Kg7 34. Qxe5+ Kg6 35. Bd4 Rf7 36. Bd3 Bxa4 37. Rb1 gxf3 38. Rb6+ Kh7 39. Qh5+ Kg8 40. Qh8# 1-0

[Event "GBR-ch Major 106th"]
[Site "Torquay"]
[Date "2019.08.01"]
[Round "6"]
[White "May, Paul"]
[Black "Forster, James Connor Christ"]
[Result "1/2-1/2"]
[WhiteElo "1832"]
[BlackElo "1831"]
[PlyCount "47"]
[EventDate "2019.07.27"]
[EventType "swiss"]
[EventRounds "9"]
[EventCountry "ENG"]
[SourceTitle "EXT 2020"]
[Source "ChessBase"]
[SourceDate "2019.10.17"]
[SourceVersion "1"]
[SourceVersionDate "2019.10.17"]
[SourceQuality "1"]

1. d4 d5 2. c4 dxc4 3. e3 Nf6 4. Bxc4 e6 5. Nf3 a6 6. 0-0 b5 7. Bd3 Bb7 8. a4 b4 9. Qe2 c5 10. dxc5 Bxc5 11. Rd1 Qe7 12. b3 0-0 13. Nbd2 Nbd7 14. Bb2 Rfd8 15. Ng5 Bb6 16. Rac1 h6 17. Nge4 a5 18. Ng3 Nc5 19. Bxf6 Qxf6 20. Nde4 Nxe4 21. Bxe4 Bxe4 22. Nxe4 Qe5 23. Rxd8+ Rxd8 24. Qc4 1/2-1/2

[Event "GBR-ch Major 106th"]
[Site "Torquay"]
[Date "2019.07.31"]
[Round "5"]
[White "Forster, James Connor Christ"]
[Black "Morgan, Jamie"]
[Result "1/2-1/2"]
[WhiteElo "1831"]
[BlackElo "1894"]
[PlyCount "67"]
[EventDate "2019.07.27"]
[EventType "swiss"]
[EventRounds "9"]
[EventCountry "ENG"]
[SourceTitle "EXT 2020"]
[Source "ChessBase"]
[SourceDate "2019.10.17"]
[SourceVersion "1"]
[SourceVersionDate "2019.10.17"]
[SourceQuality "1"]

1. d4 Nf6 2. c4 c5 3. d5 b5 4. Qc2 bxc4 5. e4 g6 6. Bxc4 d6 7. Nf3 Bg7 8. 0-0 0-0 9. Re1 Ba6 10. Na3 Nfd7 11. Rb1 Bxc4 12. Nxc4 Nb6 13. b3 N8d7 14. Bd2 Nxc4 15. bxc4 Qc7 16. Rb5 Rfb8 17. Reb1 a6 18. Ba5 Qc8 19. R5b3 Rxb3 20. Rxb3 Rb8 21. h3 Rxb3 22. Qxb3 Qb8 23. Kf1 Qxb3 24. axb3 Bb2 25. Ke2 Ba3 26. Ne1 Bb4 27. Bxb4 cxb4 28. Nd3 a5 29. f4 Nc5 30. Nxc5 dxc5 31. e5 Kf8 32. g4 Ke8 33. Kd3 Kf8 34. Kd2 1/2-1/2

[Event "GBR-ch Major 106th"]
[Site "Torquay"]
[Date "2019.07.30"]
[Round "4"]
[White "Balaji, Aaravamudhan"]
[Black "Forster, James Connor Christ"]
[Result "1-0"]
[WhiteElo "2034"]
[BlackElo "1831"]
[PlyCount "61"]
[EventDate "2019.07.27"]
[EventType "swiss"]
[EventRounds "9"]
[EventCountry "ENG"]
[SourceTitle "EXT 2020"]
[Source "ChessBase"]
[SourceDate "2019.10.17"]
[SourceVersion "1"]
[SourceVersionDate "2019.10.17"]
[SourceQuality "1"]

1. d4 d5 2. c4 dxc4 3. Nf3 Nf6 4. e3 e6 5. Bxc4 a6 6. 0-0 b5 7. Be2 Bb7 8. a4 b4 9. Nbd2 c5 10. b3 Nbd7 11. Bb2 Be7 12. Nc4 0-0 13. Rc1 Bd5 14. Nfe5 cxd4 15. Bxd4 Nc5 16. Nd3 Nxd3 17. Bxd3 Rb8 18. Ne5 Bb7 19. Nc6 Bxc6 20. Rxc6 a5 21. Qc2 h6 22. Rd1 Nd5 23. Bb5 Rc8 24. e4 Rxc6 25. Bxc6 Qc7 26. exd5 exd5 27. Rc1 Rc8 28. Qf5 Bg5 29. Rc2 Bf4 30. Bxd5 Re8 31. g3 1-0

[Event "Frome op"]
[Site "Frome"]
[Date "2018.05.20"]
[Round "4"]
[White "Forster, James Connor Christ"]
[Black "Waterfield, John"]
[Result "1/2-1/2"]
[WhiteElo "1843"]
[BlackElo "1942"]
[PlyCount "63"]
[EventDate "2018.05.18"]
[EventType "swiss"]
[EventRounds "5"]
[EventCountry "ENG"]
[SourceTitle "CBM 184 Extra"]
[Source "ChessBase"]
[SourceDate "2018.06.28"]
[SourceVersion "1"]
[SourceVersionDate "2018.06.28"]
[SourceQuality "1"]

1. d4 Nf6 2. c4 c5 3. d5 b5 4. Qc2 bxc4 5. e4 d6 6. Bxc4 g6 7. Nf3 Bg7 8. 0-0 0-0 9. Re1 Nbd7 10. h3 Bb7 11. Bd2 Nb6 12. Na3 Qc8 13. Rad1 Rb8 14. b3 Rd8 15. Ba5 Nfd7 16. Nb5 Ra8 17. Re2 Rf8 18. Na3 Ne5 19. Nxe5 Bxe5 20. Bd2 Ba6 21. Ree1 Bxc4 22. Nxc4 Nxc4 23. bxc4 Qa6 24. Rb1 Rab8 25. Bh6 Bg7 26. Bd2 Rb6 27. Rb3 Rfb8 28. Reb1 h6 29. Be1 Kh7 30. Kf1 Be5 31. Bd2 Kg7 32. Be1 1/2-1/2

[Event "Frome op"]
[Site "Frome"]
[Date "2018.05.19"]
[Round "2"]
[White "Forster, James Connor Christ"]
[Black "Ward, Julian T"]
[Result "1/2-1/2"]
[WhiteElo "1843"]
[BlackElo "2155"]
[PlyCount "76"]
[EventDate "2018.05.18"]
[EventType "swiss"]
[EventRounds "5"]
[EventCountry "ENG"]
[SourceTitle "CBM 184 Extra"]
[Source "ChessBase"]
[SourceDate "2018.06.28"]
[SourceVersion "1"]
[SourceVersionDate "2018.06.28"]
[SourceQuality "1"]

1. d4 Nf6 2. c4 e6 3. Nc3 Bb4 4. Qc2 d5 5. Bg5 h6 6. Bh4 c5 7. dxc5 g5 8. Bg3 Ne4 9. Be5 0-0 10. a3 Qa5 11. Rc1 Qxc5 12. e3 Bxc3+ 13. Bxc3 Nxc3 14. Qxc3 dxc4 15. Bxc4 b5 16. Be2 Qxc3+ 17. Rxc3 Bb7 18. Nf3 a6 19. 0-0 Nc6 20. Rfc1 Rac8 21. h3 Ne7 22. Nd4 Rxc3 23. Rxc3 Rc8 24. Rxc8+ Bxc8 25. Bf3 e5 26. Nb3 f5 27. Nc5 e4 28. Bd1 Kg7 29. g4 a5 30. Nb3 a4 31. Nd4 Bd7 32. Be2 b4 33. axb4 f4 34. b5 fxe3 35. fxe3 Nd5 36. Kf2 Kf6 37. Bd1 Nb6 38. Be2 Ke5 1/2-1/2

[Event "Frome op"]
[Site "Frome"]
[Date "2018.05.19"]
[Round "3"]
[White "Lewis, David J"]
[Black "Forster, James Connor Christ"]
[Result "0-1"]
[WhiteElo "2155"]
[BlackElo "1843"]
[PlyCount "56"]
[EventDate "2018.05.18"]
[EventType "swiss"]
[EventRounds "5"]
[EventCountry "ENG"]
[SourceTitle "CBM 184 Extra"]
[Source "ChessBase"]
[SourceDate "2018.06.28"]
[SourceVersion "1"]
[SourceVersionDate "2018.06.28"]
[SourceQuality "1"]

1. e4 d5 2. exd5 Qxd5 3. d4 Nf6 4. Nf3 c6 5. Nc3 Qd6 6. Bg5 Bg4 7. Be2 Nbd7 8. 0-0 e6 9. Re1 Be7 10. Qd2 Qc7 11. Rad1 0-0 12. Ne5 Bxe2 13. Qxe2 Rad8 14. Kh1 Nb6 15. f4 Nbd5 16. Qf3 Qb6 17. f5 Qxb2 18. Nxd5 Nxd5 19. Bxe7 Nxe7 20. f6 Nf5 21. fxg7 Nxg7 22. Rb1 Qxc2 23. Rxb7 Qf5 24. Qg3 Rxd4 25. Nxc6 Qf4 26. Nxd4 Qxd4 27. h3 h6 28. Rxe6 fxe6 0-1

[Event "GBR-ch Major 104th"]
[Site "Llandudno"]
[Date "2017.08.01"]
[Round "4"]
[White "Forster, James Connor Christ"]
[Black "Jameson, David"]
[Result "1/2-1/2"]
[WhiteElo "1862"]
[BlackElo "2099"]
[PlyCount "65"]
[EventDate "2017.07.29"]
[EventType "swiss"]
[EventRounds "9"]
[EventCountry "WLS"]
[SourceTitle "CBM 179 Extra"]
[Source "ChessBase"]
[SourceDate "2017.08.23"]
[SourceVersion "1"]
[SourceVersionDate "2017.08.23"]
[SourceQuality "1"]

1. d4 d5 2. c4 c6 3. cxd5 cxd5 4. Nc3 Nc6 5. Bf4 Bf5 6. e3 e6 7. Bd3 Bg6 8. Nge2 Bd6 9. 0-0 Nf6 10. Rc1 Rc8 11. a3 0-0 12. Re1 Qd7 13. Qd2 Rfd8 14. Bxg6 hxg6 15. Red1 Be7 16. Qe1 Qe8 17. Bg3 Nh5 18. Rd2 Nxg3 19. Nxg3 Na5 20. Rdd1 Nb3 21. Rb1 Rc4 22. Nge2 b5 23. Rd3 a5 24. Nxd5 exd5 25. Rxb3 Qc6 26. Rd3 b4 27. b3 Rc2 28. a4 Rc8 29. Rdd1 Qa6 30. Rd2 R2c6 31. Nf4 Rd8 32. Ne2 Rdc8 33. Nf4 1/2-1/2

[Event "Wakefield 4NCL op-B 14th"]
[Site "Wokefield"]
[Date "2017.07.15"]
[Round "2"]
[White "Forster, James Connor Christ"]
[Black "Verma, Shlok"]
[Result "1-0"]
[WhiteElo "1862"]
[BlackElo "1475"]
[PlyCount "67"]
[EventDate "2017.07.14"]
[EventType "swiss"]
[EventRounds "5"]
[EventCountry "ENG"]
[SourceTitle "EXT 2018"]
[Source "ChessBase"]
[SourceDate "2017.10.13"]
[SourceVersion "1"]
[SourceVersionDate "2017.10.13"]
[SourceQuality "1"]

1. d4 d5 2. c4 dxc4 3. Nf3 Nf6 4. e3 e6 5. Bxc4 a6 6. a4 c5 7. 0-0 cxd4 8. Nxd4 Bc5 9. Nb3 Qxd1 10. Rxd1 Be7 11. Nc3 0-0 12. e4 Nc6 13. Bf4 e5 14. Be3 Bg4 15. f3 Bh5 16. Bb6 Bd8 17. Bf2 Be7 18. Nc5 Bxc5 19. Bxc5 Rfd8 20. Bb6 Rd7 21. Nd5 Nxd5 22. Bxd5 Nb4 23. Bb3 Rxd1+ 24. Rxd1 Nc6 25. Rd7 Rb8 26. h4 Bg6 27. Bd5 Kf8 28. Rc7 Ke8 29. Kf2 h5 30. Ke2 Nd8 31. Ba7 Ra8 32. Bc5 Rb8 33. Re7+ Kf8 34. Rxb7+ 1-0

[Event "Wakefield 4NCL op-B 14th"]
[Site "Wokefield"]
[Date "2017.07.15"]
[Round "3"]
[White "Whitehead, Mark A"]
[Black "Forster, James Connor Christ"]
[Result "1-0"]
[WhiteElo "1917"]
[BlackElo "1862"]
[PlyCount "113"]
[EventDate "2017.07.14"]
[EventType "swiss"]
[EventRounds "5"]
[EventCountry "ENG"]
[SourceTitle "EXT 2018"]
[Source "ChessBase"]
[SourceDate "2017.10.13"]
[SourceVersion "1"]
[SourceVersionDate "2017.10.13"]
[SourceQuality "1"]

1. e4 d5 2. Nc3 dxe4 3. Nxe4 Bf5 4. Ng3 Bg6 5. Bc4 e6 6. N1e2 Bd6 7. d4 c6 8. Nf4 Qc7 9. Nfh5 Bf8 10. h4 h6 11. Qe2 Nd7 12. Nf4 Ne7 13. c3 0-0-0 14. Bxe6 Re8 15. Bxd7+ Qxd7 16. 0-0 Nf5 17. Qg4 Nxg3 18. Qxd7+ Kxd7 19. fxg3 Bh7 20. Bd2 f6 21. Rfe1 Bd6 22. Kf2 Rhf8 23. Rxe8 Rxe8 24. Nh5 Bf8 25. Bxh6 Bg6 26. Nxg7 Rc8 27. g4 Be7 28. g3 Rh8 29. Bf4 Rg8 30. Nf5 Bd8 31. Re1 b6 32. h5 Bh7 33. Kf3 Rf8 34. c4 Bg8 35. b3 a6 36. Bd6 Re8 37. Rxe8 Kxe8 38. Ne3 Kd7 39. Bf4 Be7 40. d5 c5 41. Nf5 Bd8 42. Nh6 Bh7 43. Nf5 a5 44. a4 Bg8 45. Ke4 Bh7 46. d6 Ke6 47. Be3 Kd7 48. Bh6 Ke6 49. Bf8 Kd7 50. Be7 Bg8 51. Bxd8 Kxd8 52. Kf4 Kd7 53. g5 fxg5+ 54. Kxg5 Bh7 55. Kf6 Bg8 56. g4 Bh7 57. g5 1-0

[Event "Torquay op 50th"]
[Site "Torquay"]
[Date "2016.11.12"]
[Round "3"]
[White "Gregory, Keith D"]
[Black "Forster, James Connor Christ"]
[Result "1/2-1/2"]
[WhiteElo "1995"]
[BlackElo "1883"]
[PlyCount "153"]
[EventDate "2016.11.10"]
[EventType "swiss"]
[EventRounds "5"]
[EventCountry "ENG"]
[SourceTitle "EXT 2022"]
[Source "ChessBase"]
[SourceDate "2021.10.06"]
[SourceVersion "1"]
[SourceVersionDate "2021.10.06"]
[SourceQuality "1"]

1. Nf3 d5 2. c4 Nf6 3. g3 c6 4. b3 g6 5. Bb2 Bg7 6. Bg2 0-0 7. 0-0 Bf5 8. d3 Na6 9. Nbd2 Qb6 10. a3 Rfd8 11. Qc2 Rac8 12. Be5 Nh5 13. Bxg7 Nxg7 14. b4 Qc7 15. Qb2 Qd7 16. Rfe1 Nc7 17. Rac1 a6 18. Nb3 Qe8 19. Rc2 Be6 20. Nc5 Rb8 21. Nxe6 Ngxe6 22. cxd5 Nxd5 23. Rec1 Qf8 24. Bh3 Nec7 25. d4 e6 26. Bg2 Nb6 27. e3 Qd6 28. Ne5 Nbd5 29. Nc4 Qf8 30. Rb1 Qe8 31. Na5 Rd6 32. Nb3 Rdd8 33. Rbc1 Rd6 34. Re2 Qf8 35. Nc5 Rdd8 36. Rec2 Rd6 37. Bf1 Qe8 38. Bc4 Nb6 39. Bb3 Nbd5 40. Ba2 Rdd8 41. Nd3 Rd6 42. Rc5 Rdd8 43. a4 Nb6 44. Bb3 Nbd5 45. Bd1 h5 46. h4 Kh7 47. Qe2 Qe7 48. Qf3 Kg7 49. Rb1 Ra8 50. Nf4 Nxf4 51. Qxf4 Nd5 52. Qe5+ f6 53. Qe4 Nc7 54. Bb3 Rd6 55. Bc2 Qe8 56. Bd3 Rd5 57. Bc4 Rd6 58. Bf1 Rd5 59. Qc2 Kf7 60. Bg2 Rd6 61. Bf1 Rd5 62. Qb2 Qd7 63. Rc2 Rd8 64. Rbc1 Qe8 65. Bc4 R5d6 66. Qb3 Qe7 67. Bf1 Rd5 68. Rc5 Qe8 69. Rxd5 Rxd5 70. Rc5 Qd7 71. Bg2 Rd6 72. Kh2 Kg7 73. Bh3 Kf7 74. Bf1 Rd5 75. Qb2 Kg7 76. Bd3 Qe8 77. Be4 1/2-1/2

[Event "GBR-ch Major 103rd"]
[Site "Bournemouth"]
[Date "2016.08.05"]
[Round "11"]
[White "Forster, James Connor Christ"]
[Black "Clarke, Brandon GI"]
[Result "0-1"]
[WhiteElo "1841"]
[BlackElo "2192"]
[PlyCount "110"]
[EventDate "2016.07.25"]
[EventType "swiss"]
[EventRounds "11"]
[EventCountry "ENG"]
[SourceTitle "CBM 173 Extra"]
[Source "ChessBase"]
[SourceDate "2016.08.29"]
[SourceVersion "1"]
[SourceVersionDate "2016.08.29"]
[SourceQuality "1"]

1. d4 g6 2. c4 Bg7 3. Nc3 d6 4. Nf3 Nd7 5. e4 e5 6. Be3 Ne7 7. d5 0-0 8. Nd2 f5 9. f3 Nf6 10. Be2 Rf7 11. b4 a5 12. a3 f4 13. Bf2 Bf8 14. c5 g5 15. Nc4 axb4 16. axb4 Rxa1 17. Qxa1 Ng6 18. Qa8 Nh4 19. Rg1 Qd7 20. Na5 dxc5 21. bxc5 Bh6 22. Bb5 Nxg2+ 23. Rxg2 Qh3 24. Bf1 Qxf3 25. Qxc8+ Kg7 26. Qh3 Qxh3 27. Rxg5+ Bxg5 28. Bxh3 f3 29. Nxb7 Nh5 30. Bg4 Nf4 31. Bf5 Rf8 32. Bg4 h5 33. Bxf3 Nd3+ 34. Ke2 Nc1+ 35. Kd1 Rxf3 36. Be1 Nb3 37. d6 c6 38. d7 Rd3+ 39. Kc2 Rxd7 40. Kxb3 Rxb7+ 41. Kc2 Kf6 42. h4 Be3 43. Na4 Rb5 44. Kd3 Bxc5 45. Nxc5 Rxc5 46. Bf2 Ra5 47. Kc4 Ra4+ 48. Kd3 Ke6 49. Bc5 Ra2 50. Bb4 Rg2 51. Be1 c5 52. Bd2 c4+ 53. Ke3 Rg3+ 54. Ke2 c3 55. Be1 Rh3 0-1

[Event "GBR-ch Major 103rd"]
[Site "Bournemouth"]
[Date "2016.08.04"]
[Round "10"]
[White "McDonnell, James J"]
[Black "Forster, James Connor Christ"]
[Result "0-1"]
[WhiteElo "1892"]
[BlackElo "1841"]
[PlyCount "46"]
[EventDate "2016.07.25"]
[EventType "swiss"]
[EventRounds "11"]
[EventCountry "ENG"]
[SourceTitle "CBM 173 Extra"]
[Source "ChessBase"]
[SourceDate "2016.08.29"]
[SourceVersion "1"]
[SourceVersionDate "2016.08.29"]
[SourceQuality "1"]

1. e4 d5 2. exd5 Qxd5 3. Nc3 Qd6 4. d4 Nf6 5. Nf3 c6 6. Ne5 Nbd7 7. Nc4 Qc7 8. Qf3 Nb6 9. Bf4 Qd7 10. Nxb6 axb6 11. 0-0-0 Qg4 12. Qe3 Qe6 13. d5 Qxe3+ 14. Bxe3 e6 15. dxc6 bxc6 16. Bxb6 Nd5 17. Nxd5 exd5 18. Re1+ Be6 19. f4 Kd7 20. Kb1 Bd6 21. g3 Bb4 22. c3 Bxc3 23. Bc5 Bxe1 0-1

[Event "West Bromwich 4NCL op-B 9th"]
[Site "West Bromwich"]
[Date "2016.07.10"]
[Round "5.2"]
[White "Potter, Steven"]
[Black "Forster, James Connor Christ"]
[Result "1-0"]
[WhiteElo "1888"]
[BlackElo "1841"]
[PlyCount "111"]
[EventDate "2016.07.08"]
[EventType "swiss"]
[EventRounds "5"]
[EventCountry "ENG"]
[SourceTitle "EXT 2023"]
[Source "ChessBase"]
[SourceDate "2022.10.05"]
[SourceVersion "1"]
[SourceVersionDate "2022.10.05"]
[SourceQuality "1"]

1. d4 d5 2. Bg5 Nf6 3. Bxf6 exf6 4. e3 c6 5. Bd3 Bd6 6. Nd2 0-0 7. Ngf3 Bg4 8. a3 Re8 9. 0-0 Nd7 10. c4 dxc4 11. Bxc4 Nb6 12. Bd3 Qc7 13. Qc2 g6 14. h3 Be6 15. Ne4 Be7 16. b4 Rac8 17. Nc5 Bf8 18. Rac1 Qb8 19. Nd2 f5 20. Nf3 Bg7 21. Ng5 Bd5 22. h4 Bf6 23. a4 Rcd8 24. g3 Nc8 25. Rfe1 Nd6 26. Nh3 Ne4 27. Nf4 Re7 28. Nxe4 Bxe4 29. Bxe4 fxe4 30. b5 cxb5 31. axb5 Qd6 32. Qa2 a6 33. bxa6 bxa6 34. Qa4 Rc7 35. Rxc7 Qxc7 36. Qxa6 Be7 37. Rb1 Rd7 38. Qb5 Kg7 39. Nd5 Qd6 40. Nc3 f5 41. Ne2 Bf6 42. Nf4 Be7 43. Qc4 Bf6 44. Qc8 Qe7 45. Rb8 Qf7 46. Ne6+ Kh6 47. Qf8+ Qxf8 48. Rxf8 Bg7 49. Rc8 Bf6 50. Rc6 Bh8 51. Kg2 Bf6 52. Nf4 Bg7 53. h5 Bf8 54. hxg6 hxg6 55. Nxg6 Bd6 56. Ne5 1-0

[Event "North Wales op"]
[Site "Colwyn Bay"]
[Date "2016.07.03"]
[Round "5"]
[White "Kirkwood, Robin"]
[Black "Forster, James Connor Christ"]
[Result "1/2-1/2"]
[WhiteElo "1632"]
[BlackElo "1841"]
[PlyCount "52"]
[EventDate "2016.07.01"]
[EventType "swiss"]
[EventRounds "5"]
[EventCountry "WLS"]
[SourceTitle "EXT 2019"]
[Source "ChessBase"]
[SourceDate "2018.10.10"]
[SourceVersion "1"]
[SourceVersionDate "2018.10.10"]
[SourceQuality "1"]

1. g3 d5 2. Bg2 Nf6 3. f4 c6 4. Nf3 Nbd7 5. d3 Qb6 6. e3 e6 7. Nc3 Bd6 8. e4 Ng4 9. Qe2 dxe4 10. Nxe4 Be7 11. h3 Ngf6 12. Qe3 Nd5 13. Qxb6 N7xb6 14. c3 Bd7 15. d4 Nc4 16. Ke2 Nd6 17. Nxd6+ Bxd6 18. Ne5 Ne7 19. Rf1 Rb8 20. g4 c5 21. Nc4 Bb5 22. Kd3 Rc8 23. b3 cxd4 24. cxd4 b6 25. a4 Bxc4+ 26. bxc4 0-0 1/2-1/2

[Event "RSA-ch U16"]
[Site "Waterkloof"]
[Date "2015.04.08"]
[Round "8"]
[White "Forster, James Connor Christ"]
[Black "Marais, Franco"]
[Result "1/2-1/2"]
[WhiteElo "1679"]
[BlackElo "1782"]
[PlyCount "59"]
[EventDate "2015.04.04"]
[EventType "swiss"]
[EventRounds "9"]
[EventCountry "RSA"]
[SourceTitle "CBM 166 Extra"]
[Source "ChessBase"]
[SourceDate "2015.06.18"]
[SourceVersion "1"]
[SourceVersionDate "2015.06.18"]
[SourceQuality "1"]

1. d4 d5 2. c4 e6 3. Nc3 Nf6 4. cxd5 exd5 5. Bg5 Nbd7 6. e3 c6 7. Bd3 Be7 8. Nf3 0-0 9. 0-0 Re8 10. Qc2 Nf8 11. h3 Ne4 12. Bf4 Ng5 13. Nxg5 Bxg5 14. Bg3 Be7 15. Rab1 Bd6 16. Bxd6 Qxd6 17. b4 a6 18. a4 Bd7 19. b5 axb5 20. axb5 Ra3 21. bxc6 bxc6 22. Rb6 Qe7 23. Rfb1 Rea8 24. Kh2 g6 25. R6b4 R3a7 26. Na4 Be8 27. Nc5 Ne6 28. Na4 Rc8 29. Nb6 Rd8 30. Na4 1/2-1/2

[Event "RSA-ch U16"]
[Site "Waterkloof"]
[Date "2015.04.04"]
[Round "1"]
[White "Forster, James Connor Christ"]
[Black "Bucceri, Draven Ricardo"]
[Result "1-0"]
[WhiteElo "1679"]
[BlackElo "1412"]
[PlyCount "138"]
[EventDate "2015.04.04"]
[EventType "swiss"]
[EventRounds "9"]
[EventCountry "RSA"]
[SourceTitle "CBM 166 Extra"]
[Source "ChessBase"]
[SourceDate "2015.06.18"]
[SourceVersion "1"]
[SourceVersionDate "2015.06.18"]
[SourceQuality "1"]

1. d4 e6 2. c4 f5 3. Nc3 Nf6 4. Bg5 c6 5. Nf3 d5 6. e3 Bd6 7. Bd3 0-0 8. 0-0 Qe8 9. Qc2 Ne4 10. Bh4 Nd7 11. Bg3 Nxg3 12. hxg3 Nf6 13. cxd5 cxd5 14. Nb5 Qe7 15. Nxd6 Qxd6 16. Ne5 Ne4 17. g4 fxg4 18. Bxe4 dxe4 19. Qxe4 g3 20. f3 Rb8 21. Qg4 b6 22. Qxg3 Bb7 23. Rac1 Rbc8 24. Qf2 Qd5 25. a3 Ba6 26. Rfd1 Rxc1 27. Rxc1 Rc8 28. Qd2 Rxc1+ 29. Qxc1 Qd8 30. Qc6 Bc8 31. b4 a6 32. Nc4 b5 33. Nb6 Kf7 34. Nxc8 Qh4 35. Nd6+ Kf6 36. Ne4+ Kf7 37. Qd7+ Kf8 38. Qd6+ Ke8 39. Qxe6+ Kf8 40. Qd6+ Ke8 41. Qg3 Qh6 42. Qg5 Qc6 43. Qe5+ Kf7 44. Nd6+ Kf8 45. Nf5 Qd7 46. Qd6+ Qxd6 47. Nxd6 Ke7 48. Nf5+ Kf7 49. d5 g6 50. Nd4 Ke7 51. e4 Kd7 52. e5 Ke7 53. d6+ Kd7 54. Nb3 Ke6 55. Nc5+ Kf7 56. e6+ Kf6 57. e7 Kf7 58. Ne4 h6 59. Nc3 h5 60. Nd5 Kg7 61. d7 Kh7 62. e8Q Kh6 63. f4 g5 64. f5 Kg7 65. f6+ Kh7 66. f7 h4 67. d8Q g4 68. Nf6+ Kh6 69. Qg8 g3 1-0